000
00307nam a22001457a 4500
008
230329b ||||| |||| 00| 0 eng d
020
_a
9780140446081
041
_a
eng
080
_a
030
082
_a
030ERA
100
_a
40
101
_a
ENCIK
245
_a
PRAISE OF FOLLY
_c
ERASMUS
942
_2
udc
_c
BK
999
_c
59477
_d
59477